Diagnóstico de la sostenibilidad ambiental : (Registro nro. 6723)
[ vista simple ]
| 000 -CABECERA | |
|---|---|
| Campo de control | 01211nam a22002535a 4500 |
| 005 - FECHA Y HORA DE LA ULTIMA TRANSACCION | |
| Campo de control | 20191224041841.0 |
| 008 - ELEMENTOS DE LONGITUD FIJA—INFORMACION GENERAL | |
| Campo de control | 090327s2008 ck ab g 000 0dspa d |
| 020 ## - ISBN | |
| ISBN | 97895817190298 |
| 040 ## - FUENTE DE CATALOGACIÓN | |
| Agencia catalogadora original | CO-BoBLA |
| Agencia transcriptora | CO-BoBLA |
| Agencia Modificadora | CO-BoIAVH |
| 041 ## - IDIOMA | |
| Código de idioma para texto/pista de sonido o título separado | Español |
| 044 ## - PAÍS DE PUBLICACIÓN | |
| País de publicación | Colombia |
| 082 04 - NUMERO DE CLASIFICACION DECIMAL DEWEY | |
| Número de clasificación | 333.72 |
| Número del ítem | A47d |
| 100 1# - ASIENTO PRINCIPAL--NOMBRE PERSONAL | |
| Nombre personal | Alzate Atehortúa, Beatriz Elena, |
| Fechas asociadas con el nombre | 1965- |
| 9 (RLIN) | 46749 |
| 245 10 - MENCION DE TITULO | |
| Título | Diagnóstico de la sostenibilidad ambiental : |
| Parte restante del título | bajo un enfoque sistémico de las interrelaciones sociedad-naturaleza : base teórico-metodológico y aplicación a través de indicadores sistémicos ambientales - ISA, espaciales o de tercera generación / |
| Mención de responsabilidad | Beatriz Elena Alzate Atehortúa. |
| 260 ## - PUBLICACION, DISTRIBUCION, ETC. (PIE DE IMPRENTA) | |
| Lugar de publicación, distribución, etc. | Bogotá : |
| Nombre del editor, distribuidor, etc. | Universidad Nacional de Colombia. Instituto de Estudios Ambientales (IDEA), |
| Fecha de publicación, distribución, etc. | 2008. |
| 300 ## - DESCRIPCION FISICA | |
| Extensión | 135 páginas : |
| Otros detalles físicos | ilustraciones a color, mapas ; |
| Dimensiones | 22 x 28 cm. + |
| Material acompañante | 1 CD-ROM. |
| 504 ## - NOTA DE BIBLIOGRAFIA, ETC. | |
| Nota de bibliografía | Incluye bibliografía. |
| 650 #6 - ASIENTO SECUNDARIO DE MATERIA - TERMINO TEMATICO | |
| Término temático o nombre geográfico como elemento de entrada | Evaluación ambiental. |
| 9 (RLIN) | 46750 |
| 650 #6 - ASIENTO SECUNDARIO DE MATERIA - TERMINO TEMATICO | |
| Término temático o nombre geográfico como elemento de entrada | Gestión ambiental. |
| 9 (RLIN) | 92206 |
| 650 #6 - ASIENTO SECUNDARIO DE MATERIA - TERMINO TEMATICO | |
| Término temático o nombre geográfico como elemento de entrada | Indicadores ambientales. |
| 9 (RLIN) | 185 |
| 650 #6 - ASIENTO SECUNDARIO DE MATERIA - TERMINO TEMATICO | |
| Término temático o nombre geográfico como elemento de entrada | Evaluación del impacto ambiental. |
| 9 (RLIN) | 46752 |
| 710 2# - ASIENTO SECUNDARIO - NOMBRE CORPORATIVO | |
| Nombre corporativo o de jurisdicción como elemento de entrada | Universidad Nacional de Colombia. |
| Unidad subordinada | Instituto de Estudios Ambientales. |
| 9 (RLIN) | 8949 |
| 942 ## - ELEMENTOS ADICIONALES (KOHA) | |
| Sistema de clasificación | Dewey Decimal Classification |
| Tipo de ítem | Libro |
| Withdrawn status | Lost status | Sistema de Clasificación | Damaged status | No para préstamo | Colección | Ubicación Permanente | Ubicación actual | Fecha de adquisición | Total Checkouts | Número topográfico | Inventario / Código de Barras | Date last seen | Ejemplar | Price effective from | Forma de adquisición | Tipo de material | Public note | Inventariado | Fuente de Valor | Valor |
|---|---|---|---|---|---|---|---|---|---|---|---|---|---|---|---|---|---|---|---|---|
| Dewey Decimal Classification | General | Bogotá | Bogotá | 15/12/2008 | LB-333.72 A47d | 034030 | 04/12/2012 | Ej. 2 Anexo | 04/12/2012 | Donación | CD-ROM | CD-Rom es parte del ejemplar 2 con CID-034031 | ||||||||
| Dewey Decimal Classification | General | Bogotá | Bogotá | 18/03/2009 | LB-333.72 A47d | 026758 | 04/12/2012 | Ej. 1 | 04/12/2012 | Libro | Incluye CD-ROM con mapas (CID-026759). | Inventariado 2017 | Instituto | 39000.00 | ||||||
| Dewey Decimal Classification | General | Bogotá | Bogotá | 18/03/2009 | LB-333.72 A47d | 026759 | 04/12/2012 | Ej. 1 Anexo | 04/12/2012 | Donación | CD-ROM | Diagnóstico de la sostenibilidad ambiental | ||||||||
| Dewey Decimal Classification | General | Bogotá | Bogotá | 27/02/2017 | LB-333.72 A47d | 034031 | 27/02/2017 | Ej. 2 | 27/02/2017 | Canje | Libro | Inventariado 2017 | Instituto | 39000.00 |